Kinh doanh dịch vụ thiết kế web

Đã lưu trong:
Sonraí Bibleagrafaíochta
Príomhúdar: Smith, Jim
Formáid: Leabhar
Teanga:Undetermined
Foilsithe: Hà Nội Thống kê 2004
Ábhair:
Clibeanna: Cuir Clib Leis
Gan Chlibeanna, Bí ar an gcéad duine leis an taifead seo a chlibeáil!
Thư viện lưu trữ: Trung tâm Học liệu Trường Đại học Cần Thơ
LEADER 00528nam a2200193Ia 4500
001 CTU_96102
008 210402s9999 xx 000 0 und d
020 |c 33000 
082 |a 338.76 
082 |b S651 
100 |a Smith, Jim 
245 0 |a Kinh doanh dịch vụ thiết kế web 
245 0 |c Jim smith 
260 |a Hà Nội 
260 |b Thống kê 
260 |c 2004 
650 |a World wide web (Information retrieval systems) 
904 |i Truc 
980 |a Trung tâm Học liệu Trường Đại học Cần Thơ